00651nam a2200193 a 450000100060000000300090000600800410001502000150005604000280007108200160009924500610011526000670017630000210024349000340026450000660029865000250036465000320038965000360042112114CO-ViMGA141112s2004 ck r 000 u spa d a9589004229 aCO-ViMGAbspacCO-ViMGA04a918.638 G3610aGeografia Humana de Colombia : bRegión del Pacífico aBogotá : bInstituto Colombiano de Cultura Hispanica, c1992 a183 p. fotos, il aColección Quinto Centenario aEn colección solo el tomo IX. - - . Vol. y núm. : Tomo IX14aETNOLOGIA - COLOMBIA14aGEOGRAFIA HUMANA - COLOMBIA14aINDIGENAS - PACIFICO - COLOMBIA